Българската екзархия (Запис номер 400620)
[ съкратено ]
| 000 -Лидер | |
|---|---|
| Контролно поле с фиксирана дължина | 02648nam a2200493 c 4500 |
| 003 - Код на организацията, давaща контролен номер | |
| Контролно поле | BLK |
| 005 - Дата и час на последна редакция | |
| Контролно поле | 20230410151328.0 |
| 008 - Елементи от данни с фиксирана дължина | |
| fixed length control field | 180408b bul|||||r ||||||| ||bul|| |
| 010 ## - Наследен системен номер | |
| LC control number | KNG00098420000 |
| 020 ## - Международен стандартен номер на книга ISBN | |
| Международен стандартен номер на книга ISBN | 978-619-7306-12-5 |
| 040 ## - Източник на каталожния запис | |
| Идентификатор на билиотеката - собственик на записа | BLK |
| 041 ## - Код за език | |
| Код за езика на текст/звукозапис или на отделно заглавие | Български |
| Код за езика КДБФ | Български |
| 072 #7 - Код за тематичната категория | |
| Код организация | bullib |
| Код за тематична категория | Н20 |
| Текст | Религия. Теология Н |
| 080 ## - УДК | |
| Текстов определител УДК | Българска православна църква |
| УДК код - определител по УДК | 281.962 |
| УДК определител | (091)(092) |
| УДК - код + определител | 281.962(091)(092) |
| 080 ## - УДК | |
| Текстов определител УДК | Църковен национален въпрос. Обособяване на самостоятелна българска църква. Създаване на Българска екзархия |
| УДК код - определител по УДК | 94(497.2)"1870" |
| УДК определител | (092) |
| УДК - код + определител | 94(497.2)"1870"(092) |
| 100 1# - Редна дума - Автор | |
| Автор | Темелски, Христо Иванов |
| Авторска отговорност | първи автор |
| R(LIN) | 365602 |
| 139 ## - Редно поле | |
| Редна дума | Темелски, Христо Иванов |
| Авторски знак | Тем - Т 47 |
| 245 ## - Сведения за заглавието | |
| Заглавие | Българската екзархия |
| Подзаглавни данни | 150 години от учредяването й |
| Редно поле (дума) | Христо Темелски |
| 257 ## - Страна на издаване | |
| Страна на създаване/издаване | България |
| 260 ## - Област на издателските данни | |
| Година на издаване | 2020 |
| 9 (RLIN) | 209782 |
| Място на издаване, разпространение и проч. | София |
| Име на издателя, разпространителя и проч. | Синод. изд. на Бълг. православна църква |
| Издателство - префикс ISBN | 954-8398- |
| 300 ## - Физическа характеристика | |
| Размери/Мащаб | 21 см |
| 380 ## - Жанр | |
| Жанр | Религия. Теология |
| 650 #4 - Допълнително описание по предмет – тема | |
| Основно описание – тема или топоним | Църква, българска - история |
| 9 (RLIN) | 256539 |
| 650 #4 - Допълнително описание по предмет – тема | |
| Основно описание – тема или топоним | Източноправославна църква - България |
| 9 (RLIN) | 270106 |
| 650 #4 - Допълнително описание по предмет – тема | |
| Основно описание – тема или топоним | Църковно-национална борба - България |
| 9 (RLIN) | 270296 |
| 650 #4 - Допълнително описание по предмет – тема | |
| Основно описание – тема или топоним | Духовници, български |
| 9 (RLIN) | 265298 |
| 651 #4 - Допълнително описание по предмет - топоним | |
| Географско понятие | България |
| 9 (RLIN) | 241624 |
| 653 ## - Ключова дума – ненормативна | |
| Ключова дума | българска църква |
| 653 ## - Ключова дума – ненормативна | |
| Ключова дума | православна църква |
| 653 ## - Ключова дума – ненормативна | |
| Ключова дума | църковно-национални борби |
| 653 ## - Ключова дума – ненормативна | |
| Ключова дума | български духовници |
| 653 ## - Ключова дума – ненормативна | |
| Ключова дума | българска история |
| 659 ## - Тематичен бюлетин | |
| Тематичен бюлетин | Н |
| 852 ## - Местоположение | |
| Форматна сигнатура | Цб 307085 |
| Фондова буква | Хранилище |
| 856 4# - Електронен адрес и достъп | |
| Електронен формат | pdf - файл |
| 856 4# - Електронен адрес и достъп | |
| Електронен формат | pdf - файл |
| 999 ## - СИСТЕМНИ КОНТРОЛНИ НОМЕРА | |
| Koha biblionumber | 400620 |
| Koha biblioitemnumber | 400620 |
| 942 ## - АРТИКУЛИ | |
| Вид на библиотечния материал | Книги |
| Скрит в OPAC | Не |
| Периодичен библиозапис | Да |
| 944 ## - СЪЗДАВАНЕ И РЕДАКЦИЯ на ЗАПИСА | |
| Създаване/Редакция | Създаване |
| Дата на регистрацията/редакция | 2021-03-10 |
| Служител, извършил регистрацията/редакцията | В. Т. |
| 999 ## - СИСТЕМНИ КОНТРОЛНИ НОМЕРА | |
| Koha biblioitemnumber | 93620 |
| Код за отписване | Код за изгубен артикул | Източник на класификационната схема | Код за повреда | Коз за рестрикции | Код за отдаване | Артикулен № | Име на библиотеката - собственик | Име на библиотеката, в която се намира в момента | Статус (Текущо местоположение) | Дата на вписване в системата | Местоположение - отдел | Цена в лева | Систематично азбучна сигнатура | Баркод | Цена в евро | Служебен тип на артикула |
|---|---|---|---|---|---|---|---|---|---|---|---|---|---|---|---|---|
| Не е изгубен | Universal Decimal Classification | Не е повреден | само за читалня | ползва се в читалня | 815847 | Регионална библиотека "Любен Каравелов" Русе | Регионална библиотека "Любен Каравелов" Русе | Хранилище | 2021-03-10 | Хранилище | 4.00 | Цб 307086 | 120000853150 | 2.05 | Книги |